000 01107nam a2200313 i 4500
003 DO-SdBPM
005 20260204094101.0
006 a||||er|||| 00| 0
007 ta
008 230620e2011 dr a ||| 00| 0 spa d
040 _aDO-SdBPM
_bspa
_cBPMSU
_erda
_d
082 4 _2 RD861.5
_bS684v 2011
_a22
100 1 _aSolano, Vielka,
_d1960-
_eautora
_4aut.
245 1 0 _aVivencia y soledad. /
_cVielka Solano; prólogo, Rafael P. Rodríguez; ilustración, Claudio Pacheco
264 _aSantiago de los Caballeroa, Santo Domingo :
_bDrapey,
_c2011
300 _a144 páginas :
_bIlustraciones ;
_c21 cm.
336 _2rdaconten
_atexto
_btxt
337 _2rdamedia
_asin medición
_bn
338 _2rdacarrier
_avolumen
_bnc
500 _aIncluye datos biográficos de la autora en la contracubierta
590 _aInventariado 2026 / VM
650 7 _aPoesía dominicana
650 7 _aVivencias
_vpoesía
650 7 _aLiteratura dominicana
700 1 _aRodríguez, Rafael P,
_eprólogo
700 1 _aPacheco, Claudio,
_eilustraciones
910 _aVMateo V. Control de calidad. BPMDU
942 _2ddc
_cBK
999 _c15662
_d15662